|
|
|
|
| LEADER |
00000nab a2200000 ar4500 |
| 001 |
vtls010206252 |
| 003 |
SK-MaSNL |
| 005 |
20260318114235.0 |
| 008 |
110125c2011 xo |||||||| 000 b|hun |
| 015 |
|
|
|a SNBRB2011/01
|2 snkbucl
|
| 038 |
|
|
|a SNKBUCL
|
| 040 |
|
|
|a DSZK
|b slo
|c DSZK
|e AACR2
|
| 041 |
0 |
|
|a hun
|
| 044 |
|
|
|a xo
|c SK
|
| 080 |
|
|
|a 373.3
|x (=511.141)
|x (437.6)
|2 2001
|
| 080 |
|
|
|a 316.022.4
|x (=214.58)
|x (437.6)
|2 2001
|
| 080 |
|
|
|a 316.347
|x (=214.58)
|x (437.6)
|2 2001
|
| 100 |
1 |
|
|a Kövesdi, Károly,
|d 1953-
|4 aut
|9 264403
|
| 245 |
1 |
0 |
|a Magyar, cigány, európai
|c Kövesdi Károly
|
| 300 |
|
|
|b Fotogr.
|
| 610 |
2 |
7 |
|a Základná škola s vyučovacím jazykom maďarským (Radnovce, Slovensko)
|2 snkbucl
|9 1626884
|
| 650 |
0 |
7 |
|a Rómovia
|2 SNKPH
|9 1702
|
| 650 |
0 |
7 |
|a rómski žiaci
|2 snkbucl
|9 416313
|
| 650 |
0 |
7 |
|a rómske deti
|2 SNKPH
|9 31049
|
| 651 |
|
7 |
|a Radnovce (Slovensko)
|2 SNKPHgeo
|9 87931
|
| 773 |
0 |
|
|t Vasárnap
|g Évf. 44, sz. 1 (2011), o. 6-8
|
| 852 |
|
|
|a SNK
|b KIS3GCP
|
| 852 |
|
|
|a DSZK
|b KIS3GCP
|
| 958 |
|
|
|a HU
|
| 958 |
|
|
|a SK
|
| 958 |
|
|
|a RQ
|
| 999 |
|
|
|c 3355804
|d 3357734
|